Tribhuvan University Central Library

Chemical thermodynamics (Record no. 82842)

MARC details
000 -LEADER
fixed length control field 00346nam a22001337a 4500
008 - FIXED-LENGTH DATA ELEMENTS--GENERAL INFORMATION
fixed length control field 180426b xxu||||| |||| 00| 0 eng d
082 ## - DEWEY DECIMAL CLASSIFICATION NUMBER
Classification number 541.369/Sm82o
100 ## - MAIN ENTRY--PERSONAL NAME
Personal name Smith, Norman O.
245 ## - TITLE STATEMENT
Title Chemical thermodynamics
260 ## - PUBLICATION, DISTRIBUTION, ETC.
Place of publication, distribution, etc. New York:
Name of publisher, distributor, etc. Reinhold Publishing,
Date of publication, distribution, etc. 1967
300 ## - PHYSICAL DESCRIPTION
Other physical details x, 278p. illus
650 ## - SUBJECT ADDED ENTRY--TOPICAL TERM
Topical term or geographic name entry element Chemisty
942 ## - ADDED ENTRY ELEMENTS (KOHA)
Source of classification or shelving scheme Dewey Decimal Classification
Koha item type General Collections
Holdings
Withdrawn status Lost status Source of classification or shelving scheme Damaged status Not for loan Home library Current library Date acquired Total Checkouts Full call number Barcode Date last seen Date last checked out Price effective from Koha item type
    Dewey Decimal Classification     Tribhuvan University Central Library Tribhuvan University Central Library 04/26/2018 2 541.369/Sm82o 52691 09/08/2022 09/02/2022 04/26/2018 General Collections